Bailey & Love's:Short Practice of Surgery-I (Record no. 2708)

MARC details
000 -LEADER
fixed length control field 00367nam a2200145Ia 4500
008 - FIXED-LENGTH DATA ELEMENTS--GENERAL INFORMATION
fixed length control field 230312s9999||||xx |||||||||||||| ||und||
020 ## - INTERNATIONAL STANDARD BOOK NUMBER
International Standard Book Number 1-444-12128-5
082 ## - DEWEY DECIMAL CLASSIFICATION NUMBER
Classification number 617
Item number WIL-B
100 ## - MAIN ENTRY--PERSONAL NAME
Personal name Wlliams;Norman.S
245 #0 - TITLE STATEMENT
Title Bailey & Love's:Short Practice of Surgery-I
260 ## - PUBLICATION, DISTRIBUTION, ETC.
Name of publisher, distributor, etc. CRC Press
Place of publication, distribution, etc. India
Date of publication, distribution, etc. 2013
300 ## - PHYSICAL DESCRIPTION
Extent 738
650 ## - SUBJECT ADDED ENTRY--TOPICAL TERM
Topical term or geographic name entry element Medical
Form subdivision Surgery
942 ## - ADDED ENTRY ELEMENTS (KOHA)
Koha item type BOOK
Holdings
Withdrawn status Lost status Source of classification or shelving scheme Damaged status Not for loan Home library Current library Date acquired Total Checkouts Full call number Barcode Date last seen Price effective from Koha item type
    Dewey Decimal Classification     Superior Information Resource Center (SIRC) Superior University- Main Campus Superior Information Resource Center (SIRC) Superior University- Main Campus 03/13/2023   617 WIL-B 2721 03/13/2023 03/13/2023 BOOK

Powered by Koha